Statistics for Christmas Around The World - Click Quiz

Click here to take the quiz!

General Stats

  • This quiz has been taken 24 times
  • The average score is 11 of 30

Answer Stats

HintAnswer% Correct
Merry ChristmasEnglish
79%
Mele KalikimakaHawaiian
68%
Feliz NavidadSpanish
68%
Joyeux NoëlFrench
63%
Feliz NatalPortuguese
63%
Gleðileg JólIcelandic
53%
Buon NataleItalian
53%
Wesołych ŚwiątPolish
53%
Nadolig LlawenWelsh
53%
Felicem Natalem ChristiLatin
47%
Vrolijk KerstfeestDutch
42%
Frohe WeihnachtenGerman
42%
Selamat Hari NatalMalay
42%
Geseënde KersfeesAfrikaans
37%
Sretan BožićCroatian
32%
Häid JõuleEstonian
32%
Crăciun FericitRomanian
32%
Mutlu NoellerTurkish
32%
Glædelig JulDanish
26%
Feliĉan KristnaskonEsperanto
26%
Nollaig ShonaIrish
26%
Priecīgus ZiemassvētkusLatvian
26%
linksmų KalėdųLithuanian
26%
God JulSwedish
26%
Veselé VianoceSlovak
21%
Krismasi NjemaSwahili
21%
Gëzuar KrishtlindjetAlbanian
16%
Meri KirihimeteMaori
16%
Jwaye NwelHaitian Creole
11%
Qismas BotivjajKlingon
11%

Score Distribution

Percentile by Number Answered

Percent of People with Each Score

Your Score History

You have not taken this quiz